Loading...
| Literature - American | 0 | 7 | 1 | 1 | 65 | 82 | 107.29 | 2 | 3 | 0.00 | 0.00 |
| Literature - World | 0 | 4 | 1 | 0 | 35 | 122 | 126.75 | 0 | 0 | 0.00 | 0.00 |
| Literature - British | 0 | 5 | 4 | 1 | 30 | 59 | 114.80 | 0 | 1 | 0.00 | 0.00 |
| Painting & Sculpture | 0 | 3 | 3 | 0 | 15 | 85 | 121.00 | 0 | 1 | 0.00 | 0.00 |
| Science - Chemistry | 0 | 2 | 1 | 1 | 15 | 104 | 118.00 | 0 | 0 | 0.00 | 0.00 |
| Social Science | 0 | 1 | 0 | 0 | 10 | 129 | 129.00 | 0 | 0 | 0.00 | 0.00 |
| Literature - European | 0 | 1 | 0 | 0 | 10 | 110 | 110.00 | 0 | 0 | 0.00 | 0.00 |
| Current Events | 0 | 1 | 0 | 0 | 10 | 122 | 122.00 | 0 | 0 | 0.00 | 0.00 |
| Science - Biology | 0 | 1 | 3 | 1 | -5 | 135 | 135.00 | 0 | 0 | 0.00 | 0.00 |
| Fine Arts - Classical Music | 0 | 0 | 2 | 0 | -10 | 0.00 | 0 | 0 | 0.00 | 0.00 |